Guess the Transformers Bayverse (not all) - Statistics

General Stats
  • This quiz has been taken 11 times
  • The average score is 22 of 47
Answer Stats
Hint Answer % Correct
Autobot Bumblebee
91%
Decepticon Megatron
91%
Decepticon Megatron
91%
Autobot Optimus prime
91%
Dinobot Grimlock
82%
Autobot Ironhide
82%
Decepticon Shockwave
82%
Seeker Starscream
82%
Autobot Jazz
73%
Autobot Que/Wheeljack
73%
Autobot Ratchet
73%
Decepticon Soundwave
73%
Decepticon Soundwave
73%
Decepticon Barricade
55%
Autobot Drift
55%
Autobot Hound
55%
Autobot Jetfire
55%
Wrecker Leadfoot
55%
Decepticon Sentinel Prime
55%
Autobot Sideswipe
55%
Dinobot Slug/Slag
55%
Combiner Devastator
45%
Decepticon Mohawk
45%
Wrecker Roadbuster
45%
Wrecker Topspin
45%
Autobot Hot Rod
36%
Autobot Jolt
36%
Constructicon Mixmaster
36%
Constructicon Rampage
36%
Dinobot Scorn
36%
Dread Hatchet
27%
Constructicon Hightower
27%
Constructicon Long Haul
27%
Decepticon Onslaught
27%
Constructicon Scrapper
27%
Dinobot Strafe
27%
Autobot Wheelie
27%
Decepticon Berserker
18%
Autobot Brains
18%
Decepticon Brawl
18%
Dread Crowbar
18%
Constructicon Overload
18%
Constructicon Scrap Metal
18%
Dread Crankcase
9%
Constructicon Demolishor
9%
Autobot Squeaks
9%
Wrecker Volleybot
0%
No matching quizzes found
Score Distribution
Percent of People with Each Score
Percentile by Number Answered
Your Score History
You have not taken this quiz